[Event "FKB ch-USA Qualifier"]
[Site "Tulsa USA"]
[Date "2008.03.30"]
[Round "7"]
[White "Lugo,Bl"]
[Black "Naroditsky,D"]
[Result "1/2-1/2"]
[WhiteElo "2411"]
[BlackElo "2205"]

1.e4 c5 2.Nf3 d6 3.d4 cxd4 4.Nxd4 Nf6 5.Nc3 a6 6.Be3 e5 7.Nb3 Be6 8.f3 Be7
9.Qd2 O-O 10.O-O-O Nbd7 11.g4 b5 12.g5 b4 13.Ne2 Ne8 14.h4 a5 15.Kb1 a4 16.Nbc1 b3
17.cxb3 axb3 18.Nxb3 Qb8 19.Nc3 Nc7 20.Nd5 Bxd5 21.exd5 Nb6 22.h5 Ncxd5 23.g6 Nxe3
24.Qxe3 d5 25.h6 fxg6 26.Rxd5 Nxd5 27.Bc4 Bf6 28.Bxd5+ Kh8 29.hxg7+ Bxg7
30.Qg5 Ra6 31.Nc5 e4 32.Bb3 Raf6 33.Nd7 Qf4 34.Nxf6 Rxf6 35.Qxf4 Rxf4 36.fxe4 Rxe4
37.Bc2 Re6 38.b4 Bc3 39.a3 Ra6 40.Rh3 Rxa3 41.Bxg6 Bxb4  1/2-1/2

[Event "3rd Open"]
[Site "Kolkata IND"]
[Date "2008.04.02"]
[Round "10"]
[White "Ashwin,J"]
[Black "Ghaem Maghami,E"]
[Result "1-0"]
[WhiteElo "2478"]
[BlackElo "2589"]

1.e4 c5 2.Nf3 d6 3.d4 cxd4 4.Nxd4 Nf6 5.Nc3 a6 6.Be3 e5 7.Nb3 Be7 8.Qd2 O-O
9.O-O-O b5 10.f3 Be6 11.Nd5 Bxd5 12.exd5 Qc7 13.Kb1 Nbd7 14.c4 bxc4 15.Rc1 Nb6
16.Na5 Bd8 17.Bxb6 Qxb6 18.Nc6 Nd7 19.Rxc4 a5 20.Bd3 Bf6 21.Be4 Nc5 22.h4 a4
23.Qc2 Nxe4 24.fxe4 a3 25.b3 h5 26.Qe2 g6 27.Rb4 Qc7 28.g4 hxg4 29.Qxg4 Kg7
30.Rc4 Rh8 31.h5 Qb6 32.Rc2 Qe3 33.Rg2 Qd3+ 34.Rc2 Rh6 35.Qe2 Qg3 36.Qg2 Qd3
37.Rh3 Qa6 38.Rf2 Rf8 39.Qf3 Bg5 40.hxg6 Rxh3 41.Qxh3 fxg6 42.Qd7+ Kg8 43.Rxf8+ Kxf8
44.Qxd6+ Kg7 45.Qxe5+ Bf6 46.Qc7+ Kg8 47.Qb8+ Kf7 48.Qc7+ Kg8 49.Qb8+ Kf7
50.Qa7+ Qxa7 51.Nxa7 g5 52.Nc6 g4 53.e5 Bg7 54.e6+ Kf6 55.Nd4 Bf8 56.Kc2 Bc5
57.Kd3 g3 58.Ne2 g2 59.Kc4 g1=Q 60.Nxg1 Bxg1 61.Kb5 Be3 62.Kc6 Bd2 63.Kd7  1-0

[Event "TCh-RUS w"]
[Site "Dagomys RUS"]
[Date "2008.04.05"]
[Round "4"]
[White "Kirillova,V"]
[Black "Harika,D"]
[Result "0-1"]
[WhiteElo "2251"]
[BlackElo "2461"]

1.e4 c5 2.Nf3 d6 3.d4 cxd4 4.Nxd4 Nf6 5.Nc3 a6 6.Be3 e5 7.Nb3 Be6 8.f3 Be7
9.Qd2 O-O 10.Na4 Nbd7 11.c4 b5 12.cxb5 axb5 13.Bxb5 d5 14.O-O d4 15.Bf2 Qb8
16.Qd3 Ra7 17.Rfc1 Rc8 18.Rxc8+ Qxc8 19.Rc1 Qb8 20.Rc6 Nf8 21.Rb6 Qc7 22.Rc6 Qb8
23.Bg3 Nh5 24.Nbc5 Bxc5 25.Nxc5 Rxa2 26.Nxe6 fxe6 27.b3 Ra1+ 28.Kf2 Ra2+
29.Kf1 Ra1+ 30.Kf2 Ra2+ 31.Kf1 Nxg3+ 32.hxg3 Qd8 33.Rc2 Ra1+ 34.Kf2 Qa5 35.Rd2 Rh1
36.Ba4 Rc1 37.Rd1 Rc3 38.Qd2 Qc5 39.Kg1 h6 40.Kh2 Nh7 41.Qe2 Ng5 42.f4 exf4
43.gxf4 Nxe4 44.b4 Qf5 45.Rxd4 Qxf4+ 46.Kg1 Re3 47.Qf1 Qh4 48.Rd1 Ng3 49.Qa6 Ne2+  0-1

[Event "TCh-RUS w"]
[Site "Dagomys RUS"]
[Date "2008.04.05"]
[Round "4"]
[White "Muzychuk,M"]
[Black "Sazonova,E"]
[Result "1-0"]
[WhiteElo "2387"]
[BlackElo "2195"]

1.e4 c5 2.Nf3 d6 3.d4 cxd4 4.Nxd4 Nf6 5.Nc3 a6 6.Be3 e5 7.Nf3 b5 8.a4 b4
9.Nd5 Nbd7 10.Bc4 Nxe4 11.a5 Bb7 12.Bb6 Nxb6 13.axb6 Be7 14.Nc7+ Kf8 15.Nxa8 Qxa8
16.O-O g6 17.Qe2 Nc5 18.Rfe1 e4 19.Qe3 Kg7 20.Qd4+ f6 21.Rad1 Rd8 22.Bd5 Bxd5
23.Qxd5 Qxd5 24.Rxd5 Kf7 25.Nd2 Ke6 26.Rd4 d5 27.b7 a5 28.Nxe4 Ke5 29.Nxc5+  1-0

[Event "FSIM April"]
[Site "Budapest HUN"]
[Date "2008.04.06"]
[Round "2"]
[White "Lorand,N"]
[Black "Szabo,Ben"]
[Result "1/2-1/2"]
[WhiteElo "2233"]
[BlackElo "2216"]

1.e4 c5 2.Nf3 d6 3.d4 cxd4 4.Nxd4 Nf6 5.Nc3 a6 6.Be3 e5 7.Nf3 h6 8.Bc4 Be7
9.Nd5 Nxd5 10.Bxd5 Nd7 11.Qd3 Nf6 12.Bb3 Bd7 13.c4 Bc6 14.Nd2 Ng4 15.O-O O-O
16.h3 Nxe3 17.fxe3 Bd7 18.Rf3 Be6 19.Nb1 Rc8 20.Nc3 Qa5 21.Raf1 Qc5 22.Nd5 Bg5
23.a4 Rce8 24.Kh1 Bxd5 25.Qxd5 Qxd5 26.cxd5 Rc8 27.g3 Bd8 28.Kg2 Bb6 29.Kf2 Rc7
30.Ke2 Ba5 31.Kd3 Rb8 32.R3f2  1/2-1/2

[Event "TCh-RUS w"]
[Site "Dagomys RUS"]
[Date "2008.04.07"]
[Round "6"]
[White "Severiukhina,Z"]
[Black "Bodnaruk,A"]
[Result "1/2-1/2"]
[WhiteElo "2261"]
[BlackElo "2347"]

1.e4 c5 2.Nf3 d6 3.d4 cxd4 4.Nxd4 Nf6 5.Nc3 a6 6.Be3 e5 7.Nb3 Be7 8.f3 O-O
9.Qd2 Be6 10.O-O-O a5 11.Kb1 Na6 12.g4 Nc7 13.g5 Nd7 14.h4 a4 15.Nc1 Ra5
16.N3e2 Qa8 17.f4 exf4 18.Nxf4 b6 19.Bg2 Qa6 20.Bd4 Ne5 21.Bc3 Rc5 22.Bh3 Bxh3
23.Rxh3 Rc4 24.Nfd3 Ne6 25.Nb4 Qb7 26.Nd5 Rxe4 27.Qg2 Nc5 28.Nf6+ Bxf6 29.gxf6 Rg4
30.Qe2 Rg2 31.Qf1 Ne4 32.fxg7 Rxg7 33.Bb4 Qc6 34.Ne2 Qb5 35.a3 Rd8 36.Qe1 Qc4
37.Nd4 d5 38.Nf5 Rg2 39.Ne3 Qc8 40.Nxg2 Qxh3 41.Nf4 Qf3 42.Qg1+ Kh8 43.Rxd5 Rg8
44.Qd4 Qxf4 45.Qxe5+ Qxe5 46.Rxe5 Rg1+ 47.Ka2 Rg4 48.Be7 Kg7 49.Rb5 f6 50.Rxb6 Rxh4
51.Rb4 Kf7 52.Bd8 Ke6 53.c4 Rh2 54.Kb1 Rd2 55.Ba5 Rd1+ 56.Kc2 Rd2+ 57.Kc1 Rg2
58.Bc7 h5 59.Rxa4 Nc5 60.Ra8 Nd3+ 61.Kb1 Nxb2 62.Kc1 Nxc4 63.a4 Ra2 64.a5 Kd7
65.Ra7 Kc6 66.Bd8 Kb5 67.Rb7+ Ka6 68.Rf7 Nxa5  1/2-1/2

[Event "TCh-RUS w"]
[Site "Dagomys RUS"]
[Date "2008.04.11"]
[Round "9"]
[White "Kosintseva,T"]
[Black "Bodnaruk,A"]
[Result "1-0"]
[WhiteElo "2497"]
[BlackElo "2347"]

1.e4 c5 2.Nf3 d6 3.d4 cxd4 4.Nxd4 Nf6 5.Nc3 a6 6.Be3 e5 7.Nb3 Be7 8.Qd2 O-O
9.O-O-O Be6 10.f4 Ng4 11.g3 Nxe3 12.Qxe3 b5 13.h4 Nd7 14.f5 Bc4 15.Bxc4 bxc4
16.Nd2 Nb6 17.Nf3 Qc7 18.g4 Rfc8 19.g5 Rab8 20.f6 Bf8 21.fxg7 Bxg7 22.h5 Qb7
23.g6 Nd7 24.gxf7+ Kh8 25.h6 Qxb2+ 26.Kd2 Bf6 27.Rb1 Qa3 28.Rxb8 Nxb8 29.Qb6 Rf8
30.Rg1 Nd7 31.Qc6 Rxf7 32.Qc8+ Nf8 33.Qxc4 d5 34.Qxd5 Qe7 35.Qa5 Ng6 36.Nd5 Qf8
37.Rh1 Bd8 38.Qc3 Qd6 39.Rd1 Qe6 40.Rf1 Nf4 41.Nxf4 Rxf4 42.Nxe5 Rxf1 43.Nf7+  1-0

[Event "Gausdal Classics GMB"]
[Site "Gausdal NOR"]
[Date "2008.04.14"]
[Round "7"]
[White "Arvola,B"]
[Black "Obers,F"]
[Result "0-1"]
[WhiteElo "2084"]
[BlackElo "2111"]

1.e4 c5 2.Nf3 d6 3.d4 cxd4 4.Nxd4 Nf6 5.Nc3 a6 6.Be3 e5 7.Nb3 Be6 8.f3 Be7
9.Qd2 O-O 10.O-O-O Nbd7 11.g4 b5 12.g5 b4 13.Ne2 Ne8 14.f4 a5 15.f5 a4 16.Nbd4 exd4
17.Nxd4 b3 18.Kb1 bxc2+ 19.Nxc2 Bb3 20.axb3 axb3 21.Na3 Ne5 22.h4 Ra4 23.Bd4 Qa8
24.Qg2 Nc7 25.h5 f6 26.h6 fxg5 27.hxg7 Rf7 28.Qh3 Rxg7 29.Qxb3+ Kh8 30.Bg2 Bf6
31.Rh6 Ne8 32.Rxf6 Nxf6 33.Bxe5 dxe5 34.Qb6 Ra6 35.Qb5 Ra5 36.Qb6 Ra6 37.Qb5 Re7
38.Qc5 Qb7 39.Nb5 Rc6 40.Qb4 Rb6 41.Rd8+ Kg7 42.Rb8 Qxb8 43.Qxe7+ Kh6 44.Bf1 Nxe4
45.Qb4 Nd6 46.Qc3 Nxb5 47.Bxb5 Rxb5 48.Qh3+ Kg7 49.f6+ Kh8  0-1

[Event "Gausdal Classics GMB"]
[Site "Gausdal NOR"]
[Date "2008.04.14"]
[Round "7"]
[White "Lindberg,Be"]
[Black "Kremenietsky,AnM"]
[Result "1-0"]
[WhiteElo "2442"]
[BlackElo "2354"]

1.e4 c5 2.Nf3 d6 3.d4 cxd4 4.Nxd4 Nf6 5.Nc3 a6 6.Be3 e5 7.Nb3 Be6 8.Qd2 Nbd7
9.f4 Qc7 10.Be2 Rc8 11.f5 Bc4 12.Bf3 b5 13.a3 a5 14.a4 bxa4 15.Rxa4 Nb6 16.Rxa5 d5
17.exd5 Bb4 18.d6 Bxd6 19.Bc5 Be7 20.Qf2 Nbd7 21.Bxe7 Kxe7 22.Ra7 Qd6 23.Nd2 Qb4
24.Nxc4 Qxc4 25.Ra4 Qc7 26.O-O Rhe8 27.Ra7 Qc5 28.Qxc5+ Rxc5 29.Rd1 Rec8
30.g4 h6 31.h4 Rd8 32.Rd2 Rc4 33.g5 hxg5 34.hxg5 Ne8 35.Ne4 Rd4 36.Rxd4 exd4
37.Nc5  1-0

[Event "4th Open"]
[Site "Rhone FRA"]
[Date "2008.04.16"]
[Round "7"]
[White "Pham Minh Hoang"]
[Black "Benitah,Y"]
[Result "1-0"]
[WhiteElo "2479"]
[BlackElo "2425"]

1.e4 c5 2.Nf3 d6 3.d4 cxd4 4.Nxd4 Nf6 5.Nc3 a6 6.Be3 e5 7.Nb3 Be6 8.f3 h5
9.Qe2 Nbd7 10.Qf2 b5 11.O-O-O Rc8 12.Kb1 Be7 13.h3 Qc7 14.Nd5 Bxd5 15.exd5 Bd8
16.g3 Qb7 17.Qd2 Bb6 18.Bg5 Qa7 19.Rh2 h4 20.g4 Ng8 21.Qe1 Bd8 22.Be3 Bb6
23.Bc1 f6 24.f4 Ne7 25.g5 Kd8 26.Rg2 Kc7 27.gxf6 gxf6 28.c4 bxc4 29.Bxc4 Nf5
30.Na5 Bxa5 31.Qxa5+ Kb7 32.Bd3 Ng3 33.Qa3 Qb6 34.Be3 Nc5 35.fxe5 fxe5 36.b4 e4
37.Bc4 Nf5 38.Rb2 Nxe3 39.bxc5 Qxb2+ 40.Qxb2+  1-0

[Event "Copenhagen Chess Challenge"]
[Site "Ballerup DEN"]
[Date "2008.04.17"]
[Round "2"]
[White "Pallesen,Ja"]
[Black "Almasy,A"]
[Result "1-0"]
[WhiteElo "2038"]
[BlackElo "1755"]

1.e4 c5 2.Nf3 d6 3.d4 cxd4 4.Nxd4 Nf6 5.Nc3 a6 6.Be3 e6 7.f3 b5 8.Qd2 Bb7
9.O-O-O Nbd7 10.g4 Nb6 11.Bd3 Rc8 12.h4 b4 13.Nce2 Nc4 14.Bxc4 Rxc4 15.b3 Rc7
16.Qxb4 d5 17.Qa4+ Nd7 18.exd5 Bxd5 19.Nf4 Bc5 20.Nxd5 exd5 21.Bf4 Rb7 22.Rhe1+  1-0

[Event "Copenhagen Chess Challenge"]
[Site "Ballerup DEN"]
[Date "2008.04.19"]
[Round "7"]
[White "Karim,I"]
[Black "Akdag,D"]
[Result "1/2-1/2"]
[WhiteElo "2394"]
[BlackElo "2095"]

1.e4 c5 2.Nf3 d6 3.Nc3 a6 4.d4 cxd4 5.Nxd4 Nf6 6.Be3 e6 7.Be2 Be7 8.O-O O-O
9.f4 Qc7 10.g4 b5 11.g5 Nfd7 12.a3 Re8 13.f5 Ne5 14.f6 Bf8 15.fxg7 Bxg7 16.Bd3 Bb7
17.Qh5 Nbd7 18.Rf4 Nf8 19.Raf1 Nfg6 20.R4f2 Rad8  1/2-1/2

[Event "10th North American FIDE Inv"]
[Site "Chicago USA"]
[Date "2008.04.20"]
[Round "3"]
[White "Monokroussos,D"]
[Black "Shankar,G"]
[Result "1-0"]
[WhiteElo "2327"]
[BlackElo "2219"]

1.e4 c5 2.Nf3 d6 3.d4 cxd4 4.Nxd4 Nf6 5.Nc3 a6 6.Be3 e5 7.Nf3 Be7 8.Bc4 O-O
9.O-O Be6 10.Bb3 h6 11.Qe2 Nbd7 12.Nh4 b5 13.a3 Bxb3 14.cxb3 Nxe4 15.Nxe4 Bxh4
16.Nxd6 Qf6 17.Rad1 Qe6 18.Qh5 Be7 19.Qf5 Nc5 20.Bxc5 Qxf5 21.Nxf5 Bxc5 22.Rd5 Bd4
23.Nxd4 exd4 24.Rxd4 Rfd8 25.Rfd1 Rxd4 26.Rxd4 Rc8 27.g3 Rc2 28.Rd8+ Kh7
29.Ra8 Rc6 30.Ra7 Kg6 31.Rb7 f6 32.a4 Rc5 33.Rb6 Rc2 34.Rxa6 bxa4 35.Rxa4 Rxb2
36.Rg4+ Kf7 37.b4 f5 38.Rf4 Ke6 39.h4 g5 40.Rc4 Rb1+ 41.Kg2 g4 42.Rc6+ Kd5
43.Rxh6 Rxb4 44.h5 Ke5 45.Rg6 Rb7 46.h6 Rb8 47.h7 Rh8 48.Rh6 f4 49.gxf4+ Kxf4
50.Rh4 Kg5 51.Kg3 Kf5 52.Rh5+  1-0

[Event "10th North American FIDE Inv"]
[Site "Chicago USA"]
[Date "2008.04.24"]
[Round "8"]
[White "Yuan Yuanling"]
[Black "Pasalic,M"]
[Result "0-1"]
[WhiteElo "2119"]
[BlackElo "2392"]

1.e4 c5 2.Nf3 d6 3.d4 cxd4 4.Nxd4 Nf6 5.Nc3 a6 6.Be3 e6 7.f3 b5 8.Qd2 Bb7
9.O-O-O Nbd7 10.g4 b4 11.Nce2 d5 12.g5 Nh5 13.f4 Nc5 14.e5 Ne4 15.Qe1 Qa5
16.Kb1 g6 17.Bh3 Ng7 18.Ng3 Rc8 19.Nxe4 dxe4 20.Bg2 Nf5 21.Bc1 Nxd4 22.Rxd4 Bd5
23.b3 Rxc2 24.Kxc2 Qxa2+ 25.Bb2 Qxb3+ 26.Kc1 Bc5 27.Qd1 Qe3+ 28.Qd2 Bxd4
29.Bxd4 Qxd2+ 30.Kxd2 e3+ 31.Kxe3 Bxg2 32.Rb1 a5 33.Bb6 Bd5 34.Bxa5 b3 35.Bb4 Kd7
36.Bc3 Rc8 37.Bd4 Rc2 38.Rb2 Rc1 39.Rd2 Rc4 40.Rb2 Kc6 41.Kd3 Ra4 42.Ke3 Kb5
43.Rd2 Rc4 44.Rd1 Kb4 45.Rb1 Rc2 46.Rb2 Rc1 47.Rd2 Rf1 48.Bb2 Rf3+ 49.Ke2 Rxf4
50.Ke3 Rf3+ 51.Ke2 Rh3 52.Ke1 Rh5 53.Rd4+ Kc5 54.h4 h6 55.gxh6 Rxh6 56.Rf4 Rh8
57.Kd2 Kb5 58.Kd1 Rc8 59.Rxf7 Rc2 60.Ba3 Ra2  0-1

[Event "IX EICC"]
[Site "Plovdiv BUL"]
[Date "2008.04.26"]
[Round "6"]
[White "Lupulescu,C"]
[Black "Berg,E"]
[Result "1/2-1/2"]
[WhiteElo "2558"]
[BlackElo "2601"]

1.e4 c5 2.Nf3 d6 3.d4 cxd4 4.Nxd4 Nf6 5.Nc3 a6 6.Be3 e5 7.Nde2 Be6 8.f4 Nbd7
9.f5 Bc4 10.Ng3 Bxf1 11.Rxf1 Rc8 12.Qf3 d5 13.exd5 Bb4 14.Bd2 O-O 15.O-O-O Nb6
16.Nce4 Bxd2+ 17.Rxd2 Nc4 18.Rd3 Qb6 19.Nxf6+ gxf6 20.b3 Na3 21.Rf2 Nb5 22.Ne4 Kh8
23.Qh5 Rg8 24.Qh6 Rg7 25.Qxf6 Qa5 26.Rg3 Rg8 27.Rxg7 Rxg7 28.Qxe5 f6 29.Nxf6 Qa3+
30.Kd2 Re7 31.Qb8+ Kg7 32.Qg8+ Kxf6 33.Qf8+ Rf7 34.Qxa3 Nxa3 35.c4 b5 36.Kc3 bxc4
37.Kb4 cxb3 38.Kxa3 bxa2 39.Rxa2 Rd7 40.Rd2 Kxf5 41.Kb4 Ke5 42.Kc5 Rc7+ 43.Kb6 Kd6
44.Rf2 Rg7 45.g3 Kxd5 46.Kxa6 Ke6 47.Kb6 h5 48.Kc5  1/2-1/2

[Event "ch-NED U21"]
[Site "Venlo NED"]
[Date "2008.04.26"]
[Round "2"]
[White "Pruijssers,R"]
[Black "De Groote,E"]
[Result "1-0"]
[WhiteElo "2413"]
[BlackElo "2256"]

1.e4 c5 2.Nf3 d6 3.d4 cxd4 4.Nxd4 Nf6 5.Nc3 a6 6.Be3 e6 7.g4 h5 8.g5 Ng4
9.Bc1 Qb6 10.h3 Ne5 11.Nb3 Nbc6 12.Be3 Qc7 13.f4 Nd7 14.Qf3 g6 15.O-O-O b5
16.Nd4 Bb7 17.Nxc6 Bxc6 18.Bd4 Rh7 19.a3 Qb7 20.Bg2 b4 21.axb4 Qxb4 22.Nd5 exd5
23.exd5 Ba4 24.Qe4+ Be7 25.Rhe1 Ne5 26.Bxe5 dxe5 27.d6 Qxe4 28.Bxe4 Ra7 29.dxe7 Rxe7
30.fxe5 Bd7 31.h4 Rh8 32.Rd5 Kf8 33.Bd3 Bc8 34.Rd6 a5 35.Kd2 Kg7 36.Rd5 Ra7
37.Ra1 a4 38.b4 Re8 39.Bb5 Ree7 40.Rxa4 Rac7 41.Bd3 Be6 42.Rd8  1-0

[Event "26th Liechtenstein Open"]
[Site "Triesen LIE"]
[Date "2008.04.27"]
[Round "3"]
[White "Grabher,H"]
[Black "Van der Weide,K"]
[Result "1/2-1/2"]
[WhiteElo "2258"]
[BlackElo "2482"]

1.e4 c5 2.Nf3 d6 3.d4 cxd4 4.Nxd4 Nf6 5.Nc3 a6 6.Be3 e5 7.Nb3 Be6 8.Qd2 Be7
9.f4 exf4 10.Bxf4 Nc6 11.Nd4 Nxd4 12.Qxd4 O-O 13.O-O-O Qa5 14.Bc4 Bxc4 15.Qxc4 Rac8
16.Qb3 Rfe8 17.Rhe1 Bf8  1/2-1/2

[Event "ch-NED U21"]
[Site "Venlo NED"]
[Date "2008.04.28"]
[Round "4"]
[White "Pruijssers,R"]
[Black "Otte,Mari"]
[Result "1-0"]
[WhiteElo "2413"]
[BlackElo "2249"]

1.e4 c5 2.Nf3 d6 3.d4 cxd4 4.Nxd4 Nf6 5.Nc3 a6 6.Be3 e6 7.g4 e5 8.Nf5 h5
9.Bg5 hxg4 10.Nd5 Bxf5 11.Bxf6 gxf6 12.exf5 Nd7 13.Bg2 Nb6 14.c3 Nxd5 15.Bxd5 Qb6
16.Qa4+ Qb5 17.Qxb5+ axb5 18.Bxb7 Rb8 19.Bc6+ Ke7 20.a3 Rh3 21.Rg1 Rxh2 22.Rxg4 Rc8
23.Bf3 Rh5 24.Rb4 Rxf5 25.Bg4 Rg5 26.Bxc8 Rg1+ 27.Ke2 Rxa1 28.Rxb5 Bh6 29.Bf5 Bc1
30.Rb7+ Kf8 31.Be4 Ra2 32.Kd1 Bxb2 33.Bb1 Rxa3 34.Rxb2 Rxc3 35.Rb7 d5 36.Rd7 Rb3
37.Bc2 Rb5 38.Kd2 e4 39.Bd1 Ke8 40.Ra7 Rb2+ 41.Bc2 f5 42.Kc3 Rb6 43.Ba4+ Kf8
44.Rd7 Re6 45.Kd2 f4 46.Ke1 e3 47.f3 Rh6 48.Bb5 Rh1+ 49.Bf1 Rh5 50.Ra7 Kg7
51.Ra4 Kf6 52.Rxf4+ Rf5 53.Rxf5+ Kxf5 54.Be2 Kf4 55.Bd1 d4 56.Ke2 Kg3 57.Bc2 Kf4
58.Bd3 f5 59.Bc2 Ke5 60.Kd3 f4 61.Bd1 Kd5 62.Be2 Kc5 63.Ke4  1-0

[Event "ch-NED U21"]
[Site "Venlo NED"]
[Date "2008.04.30"]
[Round "6"]
[White "Swinkels,R"]
[Black "De Groote,E"]
[Result "1/2-1/2"]
[WhiteElo "2448"]
[BlackElo "2256"]

1.e4 c5 2.Nf3 d6 3.d4 cxd4 4.Nxd4 Nf6 5.Nc3 a6 6.Be3 Ng4 7.Bg5 h6 8.Bh4 g5
9.Bg3 Bg7 10.h3 Ne5 11.f3 Nbc6 12.Bf2 Bd7 13.Qd2 Rc8 14.Be2 Na5 15.b3 e6
16.Nd1 Ng6 17.c4 Be5 18.Ne3 h5 19.Rd1 Nc6 20.Ndc2 Qf6 21.Kf1 Rd8 22.Ne1 Nf4
23.h4 g4 24.fxg4 Nxe2 25.Qxe2 Qg6 26.gxh5 Qxe4 27.Nf3 Nd4 28.Nxd4 Bxd4 29.Qd3 Qxd3+
30.Rxd3 Bc5 31.Ng4 Bxf2 32.Kxf2 Ke7 33.h6 f5 34.Ne3 f4 35.Nc2 Rxh6 36.Rhd1 Bc6
37.c5 d5 38.Nd4 Kf6 39.g3 e5 40.Nc2 e4 41.Rc3 fxg3+ 42.Rxg3 Rxh4 43.Ke3 Rf8
44.Rf1+ Ke7 45.Rxf8 Kxf8 46.Kd4 Rh2 47.Ne3 Kf7 48.Ke5 Rh5+ 49.Nf5 Bd7  1/2-1/2

[Event "ch-UZB"]
[Site "Tashkent UZB"]
[Date "2008.05.02"]
[Round "9"]
[White "Niyazmetov,R"]
[Black "Gubaydulin,T"]
[Result "1-0"]
[WhiteElo "2202"]
[BlackElo "2213"]

1.e4 c5 2.Nf3 d6 3.d4 cxd4 4.Nxd4 Nf6 5.Nc3 a6 6.Be3 e5 7.Nb3 Be6 8.Be2 Be7
9.O-O O-O 10.f4 Qc7 11.f5 Bc4 12.a4 Nbd7 13.a5 b5 14.axb6 Nxb6 15.Kh1 Rac8
16.Bxb6 Qxb6 17.Bxc4 Rxc4 18.Qe2 Rfc8 19.Ra2 Bd8 20.Rfa1 Qb7 21.Ra4 Rxa4
22.Rxa4 d5 23.exd5 Nxd5 24.Qxe5 Nf6 25.Qe2 Qd7 26.Rxa6 Qxf5 27.Nd4 Qf4 28.Qd1 Ng4
29.g3 Nf2+ 30.Kg2 Nxd1 31.gxf4 Nxb2 32.Rc6 Rxc6 33.Nxc6 Bc7 34.Kf3 Nc4 35.Nb5 Bb6
36.Ne5 Nd2+ 37.Ke2 Ne4 38.c4 h5 39.Kf3 Nd2+ 40.Ke2 Ne4 41.Nd7 Bg1 42.h3 h4
43.Nc7 g5 44.Nd5 Kg7 45.fxg5 Nxg5 46.Kf1 Bd4 47.Kg2 Ne4 48.Nf4 Kh6 49.Nd3 Ng5
50.c5 Bxc5 51.N7xc5 Nxh3 52.Kxh3 Kg5 53.Ne4+ Kf5 54.Nef2 Ke6 55.Kxh4 Kd6
56.Kg5 f5 57.Kf4 Ke6  1-0

[Event "FSIM May"]
[Site "Budapest HUN"]
[Date "2008.05.03"]
[Round "1"]
[White "Gao Rui"]
[Black "Liu Qingnan"]
[Result "1-0"]
[WhiteElo "2139"]
[BlackElo "2344"]

1.e4 c5 2.Nf3 d6 3.d4 Nf6 4.Nc3 cxd4 5.Nxd4 a6 6.Be3 e5 7.Nb3 Be6 8.f3 h5
9.Qd2 Nbd7 10.O-O-O Be7 11.Kb1 b5 12.Nd5 Bxd5 13.exd5 Nb6 14.Bxb6 Qxb6 15.Na5 O-O
16.Nc6 Rfe8 17.Bd3 Rac8 18.Be4 Rxc6 19.dxc6 d5 20.Bxd5 Rd8 21.Qc3 Nxd5 22.Rxd5 Rc8
23.Qxe5 Qxc6 24.Rd2 Bf6 25.Qe4 Qc5 26.Rhd1 g6 27.g4 hxg4 28.fxg4 Kg7 29.Rd5 Qc6
30.Qd3 Be7 31.g5 Qc4 32.Qxc4 Rxc4 33.Re5 Rc7 34.c3 Bf8 35.h4 Be7 36.Red5 Bc5
37.Rf1 Be7 38.Kc2 Kf8 39.h5 gxh5 40.g6 Kg7 41.gxf7 Rc5 42.Rd8  1-0

[Event "Panamericano w"]
[Site "San Salvador ESA"]
[Date "2008.05.08"]
[Round "3"]
[White "Castro,Az"]
[Black "Moncayo Romero,E"]
[Result "0-1"]
[WhiteElo "1960"]
[BlackElo "2182"]

1.e4 c5 2.Nf3 d6 3.d4 cxd4 4.Nxd4 Nf6 5.Nc3 a6 6.Be3 e5 7.Nb3 Be6 8.Qd2 Nbd7
9.f4 b5 10.O-O-O Be7 11.h3 O-O 12.g4 b4 13.Nd5 a5 14.Qd3 Bxd5 15.exd5 a4
16.Nd2 exf4 17.Bxf4 Nc5 18.Qf3 b3 19.cxb3 axb3 20.a3 Qc7 21.Kb1 Rfc8 22.Bc4 Qb7
23.Rhe1 Bf8 24.g5 Nfd7 25.Re3 Nb6 26.Bxb3 Rcb8 27.Rc1 Nba4 28.Rc2 g6 29.Bxa4 Rxa4
30.b4 Rba8 31.Kc1 Na6 32.Ne4 Nxb4 33.Nf6+ Kh8 34.Rb2 Rc8+ 35.Kb1 Qc7 36.Reb3 Nc2
37.Qg3 Qc4 38.Bc1 Nxa3+ 39.Rxa3 Qxc1+ 40.Ka2 Rca8  0-1

[Event "43rd Capablanca Memorial Open"]
[Site "Havana CUB"]
[Date "2008.05.09"]
[Round "2"]
[White "Linares Napoles,O"]
[Black "Tapie Amione,P"]
[Result "0-1"]
[WhiteElo "2287"]
[BlackElo "2194"]

1.e4 c5 2.Nf3 d6 3.d4 cxd4 4.Nxd4 Nf6 5.Nc3 a6 6.Be3 e5 7.Nb3 Be6 8.f3 Nbd7
9.g4 Nb6 10.g5 Nh5 11.Qd2 Be7 12.O-O-O O-O 13.Rg1 Rc8 14.Kb1 Qc7 15.Qf2 Bd8
16.f4 exf4 17.Bxf4 Nxf4 18.Qxf4 Na4 19.Rg3 b5 20.Nd4 Qc5 21.Nd5 Bxd5 22.exd5 Qxd5
23.Bd3 g6 24.Qg4 Ba5 25.Rh3 Qe5 26.Qh4 Qg7 27.Rf1 Nxb2 28.Nf5 gxf5 29.Bxf5 Rfe8
30.Bxh7+ Kf8 31.Bf5 Nc4 32.Qh8+ Qxh8 33.Rxh8+ Kg7 34.Rh7+ Kg8 35.Rg1 Rc7
36.a4 Bb6 37.Rg3 Re1+ 38.Ka2 Bd4 39.c3 Re2+ 40.Ka1 Ne3 41.g6 Bxc3+ 42.Kb1 Re1+
43.Ka2 Ra1+  0-1

[Event "Panamericano w"]
[Site "San Salvador ESA"]
[Date "2008.05.09"]
[Round "5"]
[White "Yuan Yuanling"]
[Black "Moncayo Romero,E"]
[Result "0-1"]
[WhiteElo "2119"]
[BlackElo "2182"]

1.e4 c5 2.Nf3 d6 3.d4 cxd4 4.Nxd4 Nf6 5.Nc3 a6 6.Be3 e5 7.Nb3 Be6 8.f3 Nbd7
9.Qd2 b5 10.O-O-O Qc7 11.g4 Nb6 12.g5 Nh5 13.Kb1 g6 14.Qf2 Nc4 15.Bxc4 bxc4
16.Nc1 Be7 17.N1e2 O-O 18.f4 f5 19.exf5 Bxf5 20.Nd5 Qb7 21.Nxe7+ Qxe7 22.Rhg1 Rae8
23.Rde1 Qb7 24.Bc1 Rb8 25.Rd1 d5 26.Qc5 exf4 27.Rxd5 f3 28.Nc3 Nf4 29.Rdd1 Rf7
30.Qxc4 Ne2 31.Nxe2 Rc8 32.Rd8+ Rxd8 33.Nd4 Rc8 34.Qf1 Qe4 35.Qf2 Rfc7 36.Re1 Rxc2
37.Nxc2 Rxc2 38.Qe3 Rxc1+  0-1

[Event "Kaupthing Open"]
[Site "Differdange LUX"]
[Date "2008.05.11"]
[Round "3"]
[White "Boyarchenko,M"]
[Black "Grover,S"]
[Result "0-1"]
[WhiteElo "1877"]
[BlackElo "2300"]

1.e4 c5 2.Nf3 d6 3.d4 cxd4 4.Nxd4 Nf6 5.Nc3 a6 6.Be3 e5 7.Nb3 Be6 8.Nd5 Bxd5
9.exd5 Nbd7 10.Be2 Be7 11.Qd3 O-O 12.g4 Nc5 13.Nxc5 dxc5 14.O-O-O Qd6 15.g5 Nd7
16.h4 f5 17.gxf6 Nxf6 18.Rhg1 Kh8 19.Bf3 b5 20.c4 Rab8 21.Kb1 e4 22.Bxe4 bxc4
23.Qc2 Nxe4 24.Qxe4 Bf6 25.Bc1 Bxb2 26.f3 Qf6 27.Kc2 Qc3+  0-1

[Event "43rd Capablanca Memorial Open"]
[Site "Havana CUB"]
[Date "2008.05.11"]
[Round "4"]
[White "Escobar Forero,A"]
[Black "Gomez Garrido,C"]
[Result "0-1"]
[WhiteElo "2454"]
[BlackElo "2408"]

1.e4 c5 2.Nf3 d6 3.d4 Nf6 4.Nc3 cxd4 5.Nxd4 a6 6.Be3 e5 7.Nb3 Be6 8.Qd2 Nbd7
9.f4 Qc7 10.O-O-O b5 11.f5 Bc4 12.Rg1 h5 13.Kb1 Rc8 14.g3 Nb6 15.Bd3 b4 16.Bxb6 Qxb6
17.Bxc4 bxc3 18.Qxc3 Be7 19.Qd3 O-O 20.Bxa6 Rc7 21.Bc4 Ng4 22.Bd5 Ne3 23.c4 Nxd1
24.Qxd1 Qf2 25.h4 Rb8 26.Qe1 Qf3 27.Kc2 Ra7 28.Nd2 Qg4 29.a3 Bd8 30.c5 dxc5
31.Nc4 Qf3 32.Nd2 Qg4 33.Nc4 Qf3 34.Nd2 Qg4 35.Qf2 Ra4 36.Qxc5 Bb6 37.Bxf7+ Kh8
38.Qb5 Ra5 39.Qb4 Raa8 40.Rb1 Ba5 41.Qe7 Qe2 42.b4 Rc8+ 43.Kb3 Qxd2 44.Rb2 Rc3+
45.Ka2 Rxa3+  0-1

[Event "Panamericano w"]
[Site "San Salvador ESA"]
[Date "2008.05.11"]
[Round "8"]
[White "Moncayo Romero,E"]
[Black "Zepeda,L"]
[Result "0-1"]
[WhiteElo "2182"]
[BlackElo "2145"]

1.e4 c5 2.Nf3 d6 3.d4 cxd4 4.Nxd4 Nf6 5.Nc3 a6 6.Be3 e5 7.Nb3 Be6 8.f3 Be7
9.Qd2 Nbd7 10.O-O-O O-O 11.g4 b5 12.g5 b4 13.Na4 Ne8 14.Kb1 a5 15.h4 Qc7
16.Nc1 Qc6 17.b3 Nc7 18.c4 bxc3 19.Qxc3 Qb7 20.Qb2 d5 21.Bd3 d4 22.Bd2 Nc5
23.Nxc5 Bxc5 24.f4 exf4 25.e5 Nb5 26.Ka1 Na3 27.Ne2 Rfb8 28.Nxf4 a4 29.Nxe6 fxe6
30.Rc1 axb3 31.Rhe1 Nc4 32.Be4 Rxa2+ 33.Qxa2 b2+ 34.Kb1 Nxd2+ 35.Kc2 bxc1=Q+
36.Rxc1 Nxe4  0-1

[Event "Kaupthing Open"]
[Site "Differdange LUX"]
[Date "2008.05.12"]
[Round "4"]
[White "Macak,S"]
[Black "Thorhallsson,T"]
[Result "0-1"]
[WhiteElo "2342"]
[BlackElo "2437"]

1.e4 c5 2.Nf3 d6 3.d4 cxd4 4.Nxd4 Nf6 5.Nc3 a6 6.Be3 e6 7.f3 Nc6 8.Qd2 Be7
9.O-O-O O-O 10.g4 Nxd4 11.Bxd4 Nd7 12.Kb1 b5 13.Qf2 Bb7 14.h4 Rc8 15.g5 Nc5
16.Rg1 b4 17.Ne2 d5 18.e5 Qc7 19.Rc1  0-1

[Event "11th IHEM"]
[Site "Hamburg GER"]
[Date "2008.05.12"]
[Round "3"]
[White "Lanka,Z"]
[Black "Iotov,V"]
[Result "1-0"]
[WhiteElo "2473"]
[BlackElo "2531"]

1.e4 c5 2.Nf3 d6 3.d4 cxd4 4.Nxd4 Nf6 5.Nc3 a6 6.Be3 e5 7.Nb3 Be6 8.f3 h5
9.Qd2 Nbd7 10.O-O-O Be7 11.Kb1 Qc7 12.g3 b5 13.Nd5 Bxd5 14.exd5 O-O 15.f4 Rfe8
16.h3 Bf8 17.Bg2 Nb6 18.Bxb6 Qxb6 19.f5 a5 20.g4 a4 21.Nc1 a3 22.b3 hxg4
23.hxg4 Nxg4 24.Qg5 Nf2 25.f6 Nxh1 26.Be4 Nf2 27.Bf5 Qc7 28.fxg7 Bxg7 29.Rg1 f6
30.Qh4 e4 31.Ne2 Rac8 32.Nd4 Kf8 33.Qh7 Nd1 34.Be6 Nc3+ 35.Ka1 Nxd5 36.Qg8+ Ke7
37.Rxg7+ Kd8 38.Rxc7 Kxc7 39.Qh7+ Re7 40.Qxe4 Rg8 41.Qh1 Rg5 42.Bxd5 Rxd5
43.c3 b4 44.Kb1 Ree5 45.Qh7+ Kb6 46.Qd7 bxc3 47.Qc6+ Ka7 48.Qxc3 Rc5 49.Qb4 f5
50.Qxa3+ Kb6 51.Qa8 Red5 52.Qh8 f4 53.b4 Rc7 54.a4 Ka7 55.Kb2 Rc4 56.Qg7+ Ka6
57.b5+ Kb6 58.a5+ Kc5 59.Nb3+ Kb4 60.b6 Rh5 61.Qg1 Rh3 62.Nd2 Rc5 63.b7 Rb5
64.Qf1 Rh8 65.Qxf4+ Kxa5+ 66.Nb3+ Rxb3+ 67.Kxb3 Rb8 68.Qb4+ Ka6 69.Ka4 Ka7
70.Ka5 Rxb7 71.Qxd6 Ka8 72.Qd5 Ka7 73.Qd4+ Kb8 74.Ka6 Kc8 75.Qh8+  1-0

[Event "Kaupthing Open"]
[Site "Differdange LUX"]
[Date "2008.05.13"]
[Round "5"]
[White "Socko,B"]
[Black "Berend,E"]
[Result "1-0"]
[WhiteElo "2644"]
[BlackElo "2303"]

1.e4 c5 2.Nf3 d6 3.d4 cxd4 4.Nxd4 Nf6 5.Nc3 a6 6.Be3 e5 7.Nb3 Be6 8.Qd2 Be7
9.O-O-O Nbd7 10.f4 Rc8 11.f5 Bxb3 12.axb3 Qa5 13.Kb1 b5 14.Bd3 b4 15.Na4 O-O
16.Qe2 d5 17.exd5 Nxd5 18.Bc1 N7b6 19.Nxb6 Nxb6 20.Rhe1 f6 21.Qh5 Rf7 22.Re4 Bf8
23.Rh4 h6 24.Qg6  1-0